Key Account Mnagement in Financial Services/ (Record no. 36366)
[ view plain ]
| 000 -LEADER | |
|---|---|
| fixed length control field | 00585nam a22002177a 4500 |
| 005 - DATE AND TIME OF LATEST TRANSACTION | |
| control field | 20240809123757.0 |
| 008 - FIXED-LENGTH DATA ELEMENTS--GENERAL INFORMATION | |
| fixed length control field | 240809b |||||||| |||| 00| 0 eng d |
| 020 ## - INTERNATIONAL STANDARD BOOK NUMBER | |
| ISBN | 0-7494-4445-2 |
| 082 ## - DEWEY DECIMAL CLASSIFICATION NUMBER | |
| Classification number | 332.1068 |
| Item number | CHE-K |
| 100 ## - MAIN ENTRY--AUTHOR | |
| Author Name | Cheverton, Peter |
| 245 ## - TITLE STATEMENT | |
| Title | Key Account Mnagement in Financial Services/ |
| Statement of responsibility, etc. | Peter Cheverton |
| 250 ## - EDITION STATEMENT | |
| Edition statement | 1st ed. |
| 260 ## - PUBLICATION, DISTRIBUTION, ETC. | |
| Place of Publication | India; |
| Name of publisher, distributor, etc. | Kogan Page; |
| Date of publication, distribution, etc. | 2004 |
| 300 ## - PHYSICAL DESCRIPTION | |
| Pages | xiv, 329 p.: |
| 500 ## - GENERAL NOTE | |
| General note | Includes index. |
| 650 ## - SUBJECT ADDED ENTRY--TOPICAL TERM | |
| Subject / Department | Management |
| 700 ## - ADDED ENTRY--PERSONAL NAME | |
| Personal name | Tim Hughes |
| 700 ## - ADDED ENTRY--PERSONAL NAME | |
| Personal name | Bryan Foss |
| 700 ## - ADDED ENTRY--PERSONAL NAME | |
| Personal name | Merlin Stone |
| 300 ## - PHYSICAL DESCRIPTION | |
| -- | ill.; |
| -- | 24 cm. |
| 952 ## - LOCATION AND ITEM INFORMATION (KOHA) | |
| -- | 0 |
| -- | 0 |
| Lost status | Damaged status | Collection code | Permanent Location | Current Location | Shelving Location | Date acquired | Full Call Number | Accession No./Barcode | Date last seen | item type | Koha item type |
|---|---|---|---|---|---|---|---|---|---|---|---|
| Economics/Commerce | Superior Information Resource Center (SIRC) Superior University - City Campus | Superior Information Resource Center (SIRC) Superior University - City Campus | Economics | 08/09/2024 | 332.1068 CHE-K 2005 | 2335 | 08/09/2024 | BOOK | BOOK |
